[Event "BCF-ch U16"]
[Site "Hull"]
[Date "2024.08.02"]
[Round "6"]
[White "Taylor, Zebadiah"]
[Black "Dickson, Koby"]
[Result "1-0"]
[WhiteElo "1552"]
[BlackElo "1516"]
[PlyCount "45"]
[EventDate "2024.07.28"]
[EventType "swiss"]
[EventRounds "7"]
[EventCountry "ENG"]
[SourceTitle "EXT 2025"]
[Source "ChessBase"]
[SourceDate "2024.10.14"]
[SourceVersion "1"]
[SourceVersionDate "2024.10.14"]
[SourceQuality "1"]

1. e4 c5 2. Nf3 e6 3. c3 d5 4. exd5 exd5 5. d4 Nf6 6. Nbd2 Nc6 7. Bb5 Bg4 8. 0-0 Be7 9. dxc5 Bxc5 10. Qa4 Qc7 11. Ne5 0-0 12. Nxg4 Nxg4 13. Qxg4 Ne5 14. Qh5 g6 15. Qh3 f5 16. Nf3 Ng4 17. Bh6 Qb6 18. Bxf8 Nxf2 19. Qh4 Rxf8 20. Rxf2 Bxf2+ 21. Qxf2 Qxb5 22. b3 Re8 23. Qd4 1-0

[Event "BCF-ch U16 rapid"]
[Site "Hull"]
[Date "2024.07.26"]
[Round "5"]
[White "Dickson, Koby"]
[Black "Greenland, Jake"]
[Result "0-1"]
[WhiteElo "1147"]
[BlackElo "1539"]
[PlyCount "60"]
[EventDate "2024.07.26"]
[EventType "swiss (rapid)"]
[EventRounds "9"]
[EventCountry "ENG"]
[SourceTitle "CBM 221 Extra"]
[Source "ChessBase"]
[SourceDate "2024.09.30"]
[SourceVersion "1"]
[SourceVersionDate "2024.09.30"]
[SourceQuality "1"]

1. d4 d5 2. c4 c6 3. Nc3 Nf6 4. cxd5 cxd5 5. Nf3 Bf5 6. Bf4 e6 7. e3 Bd6 8. Be5 Nc6 9. Bb5 0-0 10. Bxc6 bxc6 11. 0-0 Rb8 12. b3 Qc7 13. Na4 Ng4 14. Rc1 Rfc8 15. h3 Nxe5 16. dxe5 Bxe5 17. Nxe5 Qxe5 18. Nc5 Rb5 19. Nd7 Qd6 20. a4 Rb4 21. Nc5 Rh4 22. f4 e5 23. Qe1 Rh6 24. Qg3 e4 25. Qg5 Bxh3 26. g4 Bxg4 27. Kf2 Bf3 28. Qf5 Rh2+ 29. Kg3 Rg2+ 30. Kh3 Qh6+ 0-1

[Event "BCF-ch U16 blitz"]
[Site "Hull"]
[Date "2024.07.25"]
[Round "7"]
[White "Dickson, Koby"]
[Black "Ewart, Samuel"]
[Result "1-0"]
[WhiteElo "1147"]
[BlackElo "1413"]
[PlyCount "55"]
[EventDate "2024.07.25"]
[EventType "swiss (blitz)"]
[EventRounds "9"]
[EventCountry "ENG"]
[SourceTitle "CBM 221 Extra"]
[Source "ChessBase"]
[SourceDate "2024.09.30"]
[SourceVersion "1"]
[SourceVersionDate "2024.09.30"]
[SourceQuality "1"]

1. d4 d5 2. c4 e6 3. Nc3 Bb4 4. Nf3 Nf6 5. Bg5 h6 6. Bxf6 Qxf6 7. cxd5 exd5 8. e3 0-0 9. Bd3 Bxc3+ 10. bxc3 Bf5 11. Bxf5 Qxf5 12. 0-0 Nd7 13. Re1 Rfe8 14. Qb3 Rab8 15. Qa4 a6 16. Nh4 Qg4 17. h3 Qxh4 18. Qxd7 Qe7 19. Qxd5 Qa3 20. Qb3 Qd6 21. e4 Qc6 22. Rad1 Rbd8 23. d5 Qc5 24. Qb4 Qxb4 25. cxb4 Rd6 26. a3 b5 27. e5 Rdd8 28. f4 1-0

[Event "BCF-ch U16 blitz"]
[Site "Hull"]
[Date "2024.07.25"]
[Round "9"]
[White "Vaidyanathan, Sathya"]
[Black "Dickson, Koby"]
[Result "1-0"]
[WhiteElo "1654"]
[BlackElo "1147"]
[PlyCount "49"]
[EventDate "2024.07.25"]
[EventType "swiss (blitz)"]
[EventRounds "9"]
[EventCountry "ENG"]
[SourceTitle "CBM 221 Extra"]
[Source "ChessBase"]
[SourceDate "2024.09.30"]
[SourceVersion "1"]
[SourceVersionDate "2024.09.30"]
[SourceQuality "1"]

1. e4 e6 2. d4 d5 3. Bd3 c5 4. exd5 exd5 5. dxc5 Bxc5 6. Nf3 Nc6 7. 0-0 Nf6 8. Nc3 d4 9. Ne4 0-0 10. Nxc5 Bg4 11. h3 Bxf3 12. Qxf3 Re8 13. Bd2 Ne5 14. Qd1 b6 15. Nb3 Qc7 16. Bf4 Rad8 17. Bxe5 Qxe5 18. Re1 Qg5 19. Qf3 Rxe1+ 20. Rxe1 Nh5 21. Qf5 Qh6 22. Re7 f6 23. Qe6+ Kh8 24. Re8+ Rxe8 25. Qxe8# 1-0